|
|
|
|
| LEADER |
00000nab a2200000ua 4500 |
| 001 |
vtls010852668 |
| 003 |
SK-MaSNL |
| 005 |
20260303183309.0 |
| 008 |
230121s2011 xo |||||||||||||||||slo| |
| 035 |
|
|
|a (urnnbn)urn:nbn:sk:snk:ar-a07d6z
|
| 035 |
|
|
|a urn:nbn:sk:snk-ab6cmf
|
| 035 |
|
|
|a (uuid)c73d28b9-0507-41b5-b09b-236ffef33e87
|
| 040 |
|
|
|a SNKBUCL
|b slo
|c SNKBUCL
|e AACR2
|
| 041 |
0 |
|
|a slo
|
| 044 |
|
|
|a xo
|c SK
|
| 100 |
1 |
|
|a Lenovský, Ladislav,
|d 1975-
|4 aut
|9 125724
|
| 245 |
1 |
0 |
|a Etnokultúrny rozvoj minorít v kontexte empirického výskumu (minorita vs. majorita)
|c Ladislav Lenovský, Mária Homišinová
|
| 700 |
1 |
|
|a Homišinová, Mária
|4 aut
|9 810198
|
| 773 |
0 |
|
|t Kontexty kultúry a turizmu
|g Č. 2 (2011), s. 3-8
|
| 954 |
|
|
|a odborná, vedecká literatúra pôvodná (slovenská)
|2 lita
|
| 958 |
|
|
|a OND
|
| 958 |
|
|
|a EUIPO
|
| 958 |
|
|
|a article5
|
| 999 |
|
|
|c 2120139
|d 2122069
|